| 000 | 00675nam a2200241Ia 4500 | ||
|---|---|---|---|
| 003 | OSt | ||
| 005 | 20221007101931.0 | ||
| 006 | a|||||r|||| 00| 0 | ||
| 007 | ta | ||
| 008 | 221006b |||||||| |||| 00| 0 eng d | ||
| 024 | _a8,897 | ||
| 037 | _cTextual | ||
| 040 |
_aLCO _cLCO _beng |
||
| 041 |
_2eng _aeng |
||
| 082 | _aX8(A):Z,81, L3 | ||
| 100 |
_aAgarwala Rameshwar Dayal _9704043 |
||
| 245 | 0 | _aSupreme Court on Labour and Industrial Laws (1950 - 72) | |
| 260 |
_aAllahabad _bAllahabad Law Agency India _c1973 |
||
| 300 | _a800 | ||
| 650 | _aLABOUR | ||
| 942 |
_hX8(A):Z,81, L3 _cTEXL |
||
| 999 |
_c1178460 _d1178460 |
||